[Event "Piestany Slovakia op-A"]
[Site "Piestany"]
[Date "2022.07.11"]
[Round "1"]
[White "Zvarik, Martin"]
[Black "Gretarsson, Helgi Ass"]
[Result "0-1"]
[WhiteElo "2213"]
[BlackElo "2472"]
[PlyCount "78"]
[EventDate "2022.07.11"]
[EventType "swiss"]
[EventRounds "9"]
[EventCountry "SVK"]
[SourceTitle "CBM 209 Extra"]
[Source "ChessBase"]
[SourceDate "2022.09.30"]
[SourceVersion "1"]
[SourceVersionDate "2022.09.30"]
[SourceQuality "1"]

1. e4 d6 2. d4 Nf6 3. Nc3 g6 4. Be3 c6 5. Bd3 Nbd7 6. Nf3 e5 7. 0-0 Bg7 8. Qc1 0-0 9. dxe5 dxe5 10. h3 Qe7 11. b3 Re8 12. Qb2 Nh5 13. Rad1 b5 14. Ne2 Bb7 15. Rd2 Nf4 16. Rfd1 Nc5 17. b4 Nfxd3 18. cxd3 Na4 19. Qb3 a5 20. bxa5 Rxa5 21. d4 exd4 22. Bxd4 Bxd4 23. Rxd4 Nc5 24. Qc2 Ra4 25. e5 Rxd4 26. Rxd4 Ne6 27. Rd6 c5 28. Qb3 Bxf3 29. Qxf3 Ng5 30. Qc6 Qxe5 31. Ng3 Rb8 32. h4 Ne6 33. Ne4 Kg7 34. Rd7 Nf8 35. Ra7 Rd8 36. g3 Ne6 37. Qb7 Qf5 38. Qe7 Rd1+ 39. Kh2 Qf3 0-1

[Event "ISL-chT1 2122"]
[Site "Reykjavik"]
[Date "2022.03.05"]
[Round "8.2"]
[White "Gretarsson, Helgi Ass"]
[Black "Nagy, Gabor"]
[Result "0-1"]
[WhiteElo "2447"]
[BlackElo "2507"]
[PlyCount "78"]
[EventDate "2021.09.30"]
[EventType "team-tourn"]
[EventRounds "10"]
[EventCountry "ISL"]
[SourceTitle "EXT 2023"]
[Source "ChessBase"]
[SourceDate "2022.10.05"]
[SourceVersion "1"]
[SourceVersionDate "2022.10.05"]
[SourceQuality "1"]
[WhiteTeam "Taflfelag Reykjavikur"]
[BlackTeam "Taflfelag Gardabaejar"]
[WhiteTeamCountry "ISL"]
[BlackTeamCountry "ISL"]

1. d4 Nf6 2. c4 e6 3. Nc3 d5 4. cxd5 exd5 5. Bg5 Be7 6. e3 0-0 7. Bd3 h6 8. Bh4 Re8 9. Nge2 b6 10. 0-0 Bb7 11. Rb1 a5 12. Qc2 Nbd7 13. f3 Rc8 14. Kh1 Nf8 15. Rbd1 N6d7 16. Bf2 c6 17. e4 b5 18. e5 b4 19. Na4 Ne6 20. f4 c5 21. Bb5 cxd4 22. Qd3 Ndc5 23. Nxc5 Nxc5 24. Qf3 d3 25. Ng3 d4 26. Qg4 Bf8 27. Bxe8 Qxe8 28. f5 Nd7 29. Nh5 Qxe5 30. Rfe1 Qd6 31. Rd2 Rc2 32. Re8 Kh7 33. Be1 Rc1 34. h3 Ne5 35. Qh4 Bc6 36. Rc8 Be7 37. Qg3 Bg5 38. h4 Nf3 39. gxf3 Qxg3 0-1